000 01842cam a2200193 i 4500
020 _a9789251086568
020 _a9251086567
040 _cBTCTA
082 0 4 _a333 VAN 2015 A068 Or.
100 1 _aVan Nguyen, Minh,
245 1 0 _aUses of geothermal energy in food and agriculture :
_bopportunities for developing countries /
300 _ax, 52 pages :
_billustrations (chiefly color), color maps ;
_c25 cm
520 _a"Agriculture and agro-industry are important sectors in the economies of most developing countries, where they provide the main source of livelihoods for the majority of the poor. The lack of a sustainable supply of affordable energy is a major constraint to the development of these sectors in developing countries. Traditionally, geothermal energy has been utilized mainly to generate electricity; however, it can be harnessed for other important uses in agriculture and agro-industry. Developing countries endowed with this renewable energy source have ample potential to use it in advancing their agriculture and agro-industry sectors. This book reviews the use of geothermal energy in agriculture and agro-industry around the world. With a simple format and copious illustrations and models, the book is accessible to a wide range of interested readers, including those with no technical background. It shows that geothermal resources have the potential to provide long-term, secure energy for the agriculture and food industry in both developed and developing countries. Constraints and challenges that should be addressed before this potential can be fully achieved are also discussed."--Publisher's description.
650 0 _aAgriculture and energy
650 0 _aGeothermal resources
650 0 _aAgricultural industries
710 2 _aFood and Agriculture Organization of the United Nations,
942 _cEK
999 _c14529
_d14529